| 000 | 00464cam a22001691 4500 | ||
|---|---|---|---|
| 001 | 6508121 | ||
| 005 | 20231205045428.0 | ||
| 008 | 720905s1953 xx 000 0 eng | ||
| 040 |
_aDLC _cOAU _dDLC |
||
| 082 |
_a301.44 _a323.3 _222 _bBRY. |
||
| 100 | 1 | _aRyan, Bryce F., | |
| 245 | 1 | 0 |
_aCaste in modern Ceylon; _bthe Sinhalese system in transition. |
| 260 |
_aNew Brunswick, _bRutgers University Press, _c1953. |
||
| 300 | _aix, 371 p. | ||
| 650 | 0 | _aCaste | |
| 942 | _cL | ||
| 999 |
_c152 _d152 |
||